[Event "Canadian Open"]
[Site "Ottawa Canada"]
[Date "2007.07.10"]
[EventDate "2007.07.07"]
[Round "5"]
[Result "1/2-1/2"]
[White "Hoang Thong Tu"]
[Black "Bu Xiangzhi"]
[WhiteElo "2472"]
[BlackElo "2685"]
[PlyCount "67"]

1. d4 Nf6 2. Nf3 g6 3. Bf4 Bg7 4. e3 d6 5. Be2 O-O 6. O-O Nbd7
7. h3 b6 8. a4 Bb7 9. a5 bxa5 10. Nbd2 c5 11. Nb3 Qb6 12. Nxa5
Bd5 13. c4 Be4 14. Ra2 d5 15. Qa4 cxd4 16. exd4 dxc4 17. Nxc4
Qb7 18. Qa6 Qxa6 19. Rxa6 Nd5 20. Bg3 Nb4 21. Ra4 Nc6 22. Rfa1
Bc2 23. Ra6 Nxd4 24. Nxd4 Bxd4 25. Rc1 Bf5 26. b4 e5 27. Nd6
Rab8 28. Nb5 Rb6 29. Nxd4 exd4 30. Rxa7 Re8 31. Bd3 Bxd3
32. Rxd7 Rxb4 33. Rd1 Bf5 34. R7xd4 1/2-1/2

[Event "Canadian Open"]
[Site "Ottawa CAN"]
[Date "2007.07.12"]
[EventDate "2007.07.07"]
[Round "7"]
[Result "0-1"]
[White "Sipke Ernst"]
[Black "Bu Xiangzhi"]
[WhiteElo "2555"]
[BlackElo "2685"]
[PlyCount "74"]

1. d4 d5 2. c4 c6 3. Nf3 Nf6 4. Nc3 dxc4 5. a4 Bf5 6. Ne5 Nbd7
7. Nxc4 Nb6 8. Ne5 a5 9. g3 e6 10. Bg2 Bb4 11. O-O O-O 12. Re1
Ne4 13. Bxe4 Bxe4 14. e3 f6 15. Nd3 Bg6 16. e4 Kh8 17. f3 Qe7
18. Be3 Nc4 19. Qb3 Nxe3 20. Rxe3 Rfd8 21. Nxb4 axb4 22. Ne2
e5 23. dxe5 fxe5 24. Kf2 Rd2 25. Rd1 Bf7 26. Rxd2 Bxb3
27. Rxb3 Rxa4 28. Rbd3 Ra8 29. Rd6 Rf8 30. Kg2 Qf7 31. f4 exf4
32. gxf4 Re8 33. e5 g5 34. Rd7 Qe6 35. Rxb7 gxf4 36. Rxb4 Qg4+
37. Kf2 Qh4+ 0-1

[Event "Canadian Open"]
[Site "Ottawa CAN"]
[Date "2007.07.13"]
[EventDate "2007.07.07"]
[Round "8"]
[Result "1-0"]
[White "Bu Xiangzhi"]
[Black "Suat Atalik"]
[WhiteElo "2685"]
[BlackElo "2564"]
[PlyCount "77"]

1. Nf3 d5 2. d4 Nf6 3. c4 c6 4. Nc3 dxc4 5. a4 Bf5 6. Ne5 e6
7. f3 c5 8. e4 cxd4 9. exf5 Bb4 10. Be3 dxc3 11. Qxd8+ Kxd8
12. O-O-O+ Ke7 13. bxc3 Ba3+ 14. Kc2 Nbd7 15. Nxd7 Nxd7
16. fxe6 fxe6 17. Bxc4 Rhc8 18. Kb3 Ne5 19. Be2 Bc5 20. Bg5+
Kf8 21. f4 Nf7 22. Rd7 Nxg5 23. fxg5 Be7 24. Rf1+ Ke8 25. Rxb7
a6 26. Bf3 Rcb8 27. Bc6+ Kd8 28. Rd1+ Kc8 29. Kc4 Rxb7
30. Bxb7+ Kxb7 31. Rd7+ Kb6 32. Rxe7 Rf8 33. g6 hxg6 34. Rxe6+
Ka5 35. Rxg6 Rc8+ 36. Kb3 Rb8+ 37. Kc2 Rb7 38. h4 Rf7 39. Rg4
1-0

[Event "Biel Chess Festival"]
[Site "Biel SUI"]
[Date "2007.07.27"]
[EventDate "?"]
[Round "4"]
[Result "1-0"]
[White "Boris Avrukh"]
[Black "Bu Xiangzhi"]
[WhiteElo "2652"]
[BlackElo "2645"]
[PlyCount "67"]

1.d4 d5 2.c4 c6 3.Nc3 dxc4 4.e4 b5 5.a4 b4 6.Na2 Nf6 7.e5 Nd5
8.Bxc4 e6 9.Nf3 Be7 10.Bd2 a5 11.Nc1 Nd7 12.Nb3 Bb7 13.Qe2 O-O
14.Bd3 c5 15.Qe4 f5 16.exf6 N7xf6 17.Qxe6+ Kh8 18.Ne5 Bc8
19.Qc6 Rb8 20.O-O Bb7 21.Qe6 Bc8 22.Nf7+ Rxf7 23.Qxf7 Rb7
24.Bg5 Bd6 25.Qh5 c4 26.Bxc4 Qc7 27.Qe2 Bxh2+ 28.Kh1 Nf4
29.Qe5 Qxc4 30.Rac1 Qg8 31.Bxf4 Ng4 32.Qe4 Bxf4 33.Qxf4 Rf7
34.Qxf7 1-0

[Event "Bilbao Blindfold Chess World Cup"]
[Site "Bilbao ESP"]
[Date "2007.10.20"]
[EventDate "2007.10.16"]
[Round "10"]
[Result "1-0"]
[White "Judit Polgar"]
[Black "Bu Xiangzhi"]
[WhiteElo "2708"]
[BlackElo "2692"]
[PlyCount "77"]

1. e4 c5 2. Nf3 Nc6 3. Bb5 d6 4. O-O Bd7 5. Re1 Nf6 6. c3 a6
7. Ba4 c4 8. Bc2 Rc8 9. b3 b5 10. a4 e6 11. b4 Be7 12. Na3 O-O
13. d4 Qb6 14. Bg5 Rfd8 15. Qd2 Be8 16. d5 Ne5 17. Nd4 Bd7
18. f4 Nd3 19. Bxd3 cxd3 20. Bxf6 Bxf6 21. e5 Bh4 22. g3 Be7
23. Qxd3 Be8 24. axb5 axb5 25. exd6 Bf6 26. Nac2 Rxd6 27. dxe6
fxe6 28. Ra5 Rxd4 29. cxd4 Bg6 30. Qxb5 Bxd4+ 31. Nxd4 Qxd4+
32. Kg2 Bd3 33. Qb7 Rc2+ 34. Kh3 h6 35. Qf3 Bf5+ 36. Rxf5 Qd2
37. Rxe6 Qxh2+ 38. Kg4 Rg2 39. Rf8+ 1-0

[Event "2nd MAIG-Team Standard chess"]
[Site "Macau"]
[Date "2007.10.28"]
[EventDate "2007.10.28"]
[Round "2.1"]
[Result "1/2-1/2"]
[White "Ehsan Ghaem Maghami"]
[Black "Bu Xiangzhi"]
[WhiteElo "2591"]
[BlackElo "2692"]
[PlyCount "39"]

1. d4 d5 2. c4 c6 3. cxd5 cxd5 4. Nc3 Nf6 5. Bf4 Nc6 6. e3 Bf5
7. Bd3 Bxd3 8. Qxd3 e6 9. Nf3 Be7 10. O-O O-O 11. Rfc1 Rc8
12. Bg5 Nd7 13. Bxe7 Qxe7 14. Nd2 Nb6 15. Qb5 Rc7 16. Qc5 Nb4
17. Qxe7 Rxe7 18. Nd1 Nc6 19. a3 Rd8 20. b4 1/2-1/2

[Event "2nd MAIG-Team Standard chess"]
[Site "Macau"]
[Date "2007.10.29"]
[EventDate "2007.10.28"]
[Round "3.1"]
[Result "1/2-1/2"]
[White "Bu Xiangzhi"]
[Black "Murtas Muratovich Kazhgaleyev"]
[WhiteElo "2692"]
[BlackElo "2588"]
[PlyCount "118"]

1. d4 d5 2. Nf3 Nf6 3. c4 e6 4. Nc3 c6 5. Bg5 Be7 6. e3 h6
7. Bh4 O-O 8. Qc2 Nbd7 9. a3 b6 10. cxd5 cxd5 11. Bd3 Bb7
12. O-O Rc8 13. Nd2 Ne8 14. Bg3 Bd6 15. Rfc1 Bxg3 16. hxg3 Nd6
17. Qa4 Qe7 18. b4 Bc6 19. b5 Bb7 20. Na2 Rxc1+ 21. Rxc1 Rc8
22. Rxc8+ Nxc8 23. Nb4 Qd6 24. Qc2 Ne7 25. Kf1 g6 26. Qc3 Kg7
27. Ke2 Qb8 28. Qc2 Qd6 29. Nb3 Kf8 30. Qc1 Kg7 31. Qc3 Kf8
32. Nd2 Kg7 33. Qc2 Kf8 34. Nf3 Kg7 35. Qc3 f6 36. Nd2 e5
37. Bc2 e4 38. Bb3 f5 39. Ba2 g5 40. Qb3 Nf6 41. Qa4 Nc8
42. Qb3 Ne7 43. Qa4 Nc8 44. Qb3 Qd7 45. a4 Ne7 46. f3 Qd6
47. f4 Ng6 48. Nf1 Nf8 49. Qc3 Ne6 50. Nc2 a5 51. Kd1 Kg6
52. Bb3 Ng4 53. Ke1 h5 54. Qd2 Qc7 55. fxg5 Kxg5 56. Kd1 h4
57. gxh4+ Kxh4 58. Na3 Kg5 59. Nb1 Kg6 1/2-1/2

[Event "2nd MAIG-Team Standard chess"]
[Site "Macau"]
[Date "2007.10.30"]
[EventDate "2007.10.28"]
[Round "6.1"]
[Result "1/2-1/2"]
[White "Utut Adianto"]
[Black "Bu Xiangzhi"]
[WhiteElo "2572"]
[BlackElo "2692"]
[PlyCount "92"]

1. d4 d5 2. c4 c6 3. Nf3 Nf6 4. Nc3 a6 5. a4 e6 6. g3 Be7
7. Bg2 O-O 8. O-O a5 9. Ne5 Nbd7 10. e4 Nb6 11. c5 Nbd7
12. Nxd7 Nxd7 13. Re1 b6 14. cxb6 Nxb6 15. h4 Kh8 16. Bf4 Ba6
17. Qh5 Nc4 18. b3 Bb4 19. Rec1 Nb2 20. Bg5 f6 21. Be3 Nd3
22. Rc2 Bd6 23. exd5 exd5 24. Rd1 f5 25. Ne2 Nb4 26. Rc3 Bxe2
27. Qxe2 f4 28. Bc1 Qf6 29. Qg4 Rae8 30. Ba3 fxg3 31. fxg3
Qf2+ 32. Kh2 Re2 33. Rg1 Re4 34. Qh3 Qxd4 35. Bxe4 Qxc3
36. Qe6 Bc5 37. Rc1 Qe3 38. Rxc5 Qxc5 39. Bg2 Qc3 40. Qe2 Rg8
41. Bb2 Qc2 42. Bxg7+ Kxg7 43. Qe7+ Kh6 44. Qe3+ Kg6 45. Qe6+
Kg7 46. Qe7+ Kh6 1/2-1/2

[Event "TCh-CHN A"]
[Site "WEN ZHOU"]
[Date "2008.03.26"]
[EventDate "2008.03.26"]
[Round "1"]
[Result "1-0"]
[White "Bu Xiangzhi"]
[Black "Sun Hui"]
[WhiteElo "2708"]
[BlackElo "2278"]
[PlyCount "103"]

1. c4 Nf6 2. Nc3 d5 3. cxd5 Nxd5 4. Nf3 g6 5. Qa4+ Bd7 6. Qb3
Nb6 7. d4 Bg7 8. Bg5 h6 9. Bh4 Be6 10. Qa3 Bc4 11. O-O-O N8d7
12. Ne5 g5 13. Bg3 Nxe5 14. Bxe5 Bxe5 15. dxe5 Qc8 16. h4 Qf5
17. Qc5 Rd8 18. Rxd8+ Kxd8 19. g3 Kc8 20. f4 g4 21. b3 Rd8
22. e4 Qd7 23. Bxc4 Qd2+ 24. Kb1 Nxc4 25. Qxc4 Qg2 26. Rc1
Qxg3 27. Qxc7+ Kxc7 28. Ne2+ Kb6 29. Nxg3 Rd3 30. Rg1 Rf3
31. Nh5 Kc5 32. Kb2 Kd4 33. Rxg4 Rh3 34. Ng3 e6 35. Rg7 b5
36. Ka3 a5 37. Ne2+ Kxe4 38. Rxf7 b4+ 39. Ka4 Rh2 40. Ng3+ Kf3
41. f5 Rxa2+ 42. Kb5 Kxg3 43. fxe6 Re2 44. Rf5 Kg4 45. e7 Kxf5
46. e8=Q Rxe5+ 47. Qxe5+ Kxe5 48. Kxa5 Kf4 49. Kxb4 h5 50. Kc3
Kg4 51. b4 Kxh4 52. b5 1-0

[Event "TCh-CHN A"]
[Site "WEN ZHOU"]
[Date "2008.03.27"]
[EventDate "2008.03.26"]
[Round "2"]
[Result "1-0"]
[White "Bu Xiangzhi"]
[Black "Li Chao"]
[WhiteElo "2708"]
[BlackElo "2582"]
[PlyCount "83"]

1. c4 Nf6 2. Nc3 g6 3. e4 Bg7 4. d4 d6 5. f3 O-O 6. Nge2 a6
7. Be3 Nc6 8. Qd2 Rb8 9. Rc1 Bd7 10. Nd1 b5 11. c5 e6 12. Nf2
b4 13. g3 Ne7 14. Bg2 Bb5 15. O-O Nd7 16. Rfd1 d5 17. b3 a5
18. Rc2 Qc8 19. g4 Qa6 20. Ng3 Rbd8 21. Bh6 e5 22. Bxg7 Kxg7
23. g5 Qe6 24. Bh3 f5 25. exf5 Nxf5 26. Re1 Rde8 27. c6 Bxc6
28. dxe5 Nxe5 29. Rxe5 Qxe5 30. Nxf5+ gxf5 31. Rxc6 Rf7
32. Bf1 d4 33. Kg2 Qd5 34. Rc4 c5 35. Qf4 Re4 36. Nxe4 fxe4
37. Qxe4 Qxg5+ 38. Qg4 Rf5 39. Rc2 Kf6 40. Qxg5+ Rxg5+ 41. Kf2
Rd5 42. Bd3 1-0

[Event "TCh-CHN A(Rapid)"]
[Site "WEN ZHOU"]
[Date "2008.03.28"]
[EventDate "2008.03.26"]
[Round "3"]
[Result "0-1"]
[White "Wu Wenjin"]
[Black "Bu Xiangzhi"]
[WhiteElo "2442"]
[BlackElo "2708"]
[PlyCount "52"]

1. d4 Nf6 2. Nf3 e6 3. c4 d5 4. Nc3 c6 5. cxd5 exd5 6. Bg5 h6
7. Bh4 Bf5 8. e3 Nbd7 9. Bd3 Bxd3 10. Qxd3 Be7 11. O-O O-O
12. Bxf6 Nxf6 13. Rab1 a6 14. Qc2 Bd6 15. h3 Re8 16. Rbc1 Ne4
17. Nxe4 Rxe4 18. Nd2 Re6 19. Nb3 Qg5 20. Rce1 Rg6 21. f4 Qg3
22. Re2 Re8 23. Qc3 Qxh3 24. Na5 Rxe3 25. Qxe3 Rxg2+ 26. Rxg2
Qxe3+ 0-1

[Event "Russian Team Championship"]
[Site "Dagomys RUS"]
[Date "2008.04.03"]
[EventDate "2008.04.02"]
[Round "2"]
[Result "1/2-1/2"]
[White "Igor Khenkin"]
[Black "Bu Xiangzhi"]
[WhiteElo "2609"]
[BlackElo "2708"]
[PlyCount "27"]

1. d4 d5 2. Nf3 Nf6 3. c4 c6 4. cxd5 cxd5 5. Nc3 Nc6 6. Bf4
Bf5 7. e3 e6 8. Qb3 Bb4 9. Bb5 O-O 10. O-O Bxc3 11. Bxc6 Bxb2
12. Bxb7 Bxa1 13. Rxa1 Ne4 14. Bxa8 1/2-1/2

[Event "Mindsports"]
[Site "Beijing CHN"]
[Date "2008.10.04"]
[EventDate "2008.10.04"]
[Round "7"]
[Result "0-1"]
[White "Utut Adianto"]
[Black "Bu Xiangzhi"]
[WhiteElo "2554"]
[BlackElo "2714"]
[PlyCount "100"]

1. c4 Nf6 2. Nc3 e5 3. g3 d5 4. cxd5 Nxd5 5. Bg2 Nb6 6. Nf3
Nc6 7. O-O Be7 8. d3 O-O 9. Be3 Bg4 10. Rc1 Re8 11. Na4 Nd5
12. Bd2 Rb8 13. Re1 Bf8 14. Nc5 Nd4 15. Nxd4 exd4 16. Qb3 c6
17. Ne4 Qb6 18. Qc2 h6 19. h3 Bh5 20. g4 Bg6 21. Ng3 Rbd8
22. Qa4 Bb4 23. Bxb4 Qxb4 24. Qxa7 Ra8 25. Qc5 Qxc5 26. Rxc5
Nf4 27. Rcc1 Rxa2 28. Rb1 Re5 29. Bf1 Rb5 30. b4 Ra4 31. Rbd1
Rbxb4 32. e3 Ne6 33. Nf5 dxe3 34. fxe3 Rb2 35. Ne7+ Kf8
36. Nxg6+ fxg6 37. Rb1 Raa2 38. Rxb2 Rxb2 39. Ra1 Ke7 40. h4
Nc7 41. d4 Nd5 42. Ra3 Nf6 43. Bh3 Rb1+ 44. Kf2 Ne4+ 45. Kf3
Nd6 46. g5 hxg5 47. hxg5 Rb5 48. e4 Rxg5 49. e5 Nb5 50. Ra7
Nxa7 0-1

[Event "Mindsports"]
[Site "Beijing CHN"]
[Date "2008.10.04"]
[EventDate "2008.10.04"]
[Round "8"]
[Result "0-1"]
[White "Bu Xiangzhi"]
[Black "Anton Korobov"]
[WhiteElo "2714"]
[BlackElo "2605"]
[PlyCount "144"]

1. Nf3 d5 2. d4 c6 3. c4 e6 4. Bg5 Nf6 5. Qc2 Nbd7 6. e3 Qa5+
7. Nbd2 Ne4 8. cxd5 Nxg5 9. Nxg5 exd5 10. Bd3 Be7 11. Ngf3 h6
12. O-O O-O 13. a3 Qd8 14. b4 a5 15. b5 c5 16. dxc5 Nxc5
17. Bh7+ Kh8 18. Bf5 Bxf5 19. Qxf5 Qb6 20. Nd4 Bf6 21. Qxd5
Rad8 22. Nc4 Qc7 23. Qf5 Ne6 24. Rac1 Bxd4 25. exd4 Nxd4
26. Qd3 Rfe8 27. Ne3 Qxc1 28. Rxc1 Nf3+ 29. gxf3 Rxd3 30. Rc7
Rxa3 31. Rxf7 Rb3 32. Rxb7 a4 33. Ra7 a3 34. Nc4 Rxb5 35. Rxa3
Re1+ 36. Kg2 Rg5+ 37. Kh3 Reg1 38. Kh4 R5g2 39. Kh3 Rxf2
40. Ne5 Kh7 41. Ng4 Rff1 42. Rb3 h5 43. Ne5 Rf2 44. Rb5 Rgg2
45. Nd3 Rxh2+ 46. Kg3 Rfg2+ 47. Kf4 Rg6 48. Ne5 Rh4+ 49. Ke3
Re6 50. Kf2 Ra4 51. Kg3 Rd6 52. Nf7 Rd1 53. Ng5+ Kg6 54. Ne4
Rg1+ 55. Kf4 h4 56. Rb6+ Kh7 57. Rb5 g6 58. Rb7+ Kh6 59. Rb8
Kg7 60. Rb7+ Kh6 61. Rb8 Rc4 62. Ke5 Rc7 63. Nf6 Re7+ 64. Kd6
Re3 65. Ne4 Rxf3 66. Rh8+ Kg7 67. Rxh4 Re1 68. Nc5 g5 69. Ra4
Kg6 70. Nd7 Rd3+ 71. Kc6 Rc1+ 72. Nc5 Rdc3 0-1

[Event "Mindsports"]
[Site "Beijing CHN"]
[Date "2008.10.04"]
[EventDate "2008.10.04"]
[Round "9"]
[Result "0-1"]
[White "Bu Xiangzhi"]
[Black "Zhou Jianchao"]
[WhiteElo "2714"]
[BlackElo "2612"]
[PlyCount "128"]

1. d4 d5 2. c4 c6 3. Nf3 Nf6 4. e3 Bg4 5. cxd5 cxd5 6. Qb3 Qc7
7. Nc3 Bxf3 8. gxf3 e6 9. Bd2 Nc6 10. Rc1 Be7 11. Bd3 O-O
12. O-O Rac8 13. f4 g6 14. Qd1 Qd7 15. Kh1 Na5 16. b3 Nc6
17. Na4 Nb4 18. Bb1 Ne4 19. f3 Nxd2 20. Qxd2 b6 21. Nc3 Rc6
22. a3 Rfc8 23. Qb2 Qc7 24. Ne2 Nc2 25. Bxc2 Rxc2 26. Qa1 Qb7
27. Rxc2 Rxc2 28. Qd1 Ra2 29. a4 Qa6 30. Nc3 Rd2 31. Qb1 Qd3
32. Qxd3 Rxd3 33. Nb5 Rxe3 34. Nxa7 Rxb3 35. Nc8 Bf6 36. Rd1
Rb4 37. Kg2 Bxd4 38. Rc1 Bf6 39. Nd6 Rxf4 40. Rc8+ Kg7
41. Ne8+ Kh6 42. Rb8 Bd4 43. Rb7 Rf5 44. Nd6 Rg5+ 45. Kh3 Rh5+
46. Kg2 f5 47. Nf7+ Kg7 48. Ng5+ Kf6 49. Rxh7 Kxg5 50. Rd7 Bc5
51. h4+ Kf6 52. Rg7 d4 53. Rc7 Bb4 54. Rc6 Ba5 55. Rd6 Ke5
56. Rd8 Bb4 57. Rb8 Ba5 58. Rd8 Bc3 59. Rb8 Ba5 60. Rd8 Bb4
61. Rb8 Bc5 62. Rc8 Kd5 63. Rg8 e5 64. Rxg6 e4 0-1

[Event "Mindsports"]
[Site "Beijing CHN"]
[Date "2008.10.04"]
[EventDate "2008.10.04"]
[Round "10"]
[Result "0-1"]
[White "Zhong Zhang"]
[Black "Bu Xiangzhi"]
[WhiteElo "2649"]
[BlackElo "2714"]
[PlyCount "97"]

1. e4 e5 2. Nf3 d6 3. d4 exd4 4. Nxd4 Nf6 5. Nc3 Be7 6. Nde2
O-O 7. g3 Re8 8. Bg2 Nbd7 9. O-O c6 10. h3 Bf8 11. g4 Nc5
12. Ng3 g6 13. Be3 Ne6 14. a4 Bg7 15. Qd2 d5 16. exd5 Nxd5
17. Nxd5 cxd5 18. Qxd5 Bxb2 19. Rab1 Bd4 20. Qxd8 Rxd8
21. Bxd4 Rxd4 22. a5 Ra4 23. Rb5 Rb8 24. Rd1 b6 25. axb6 Rxb6
26. Rxb6 axb6 27. Ne4 Rd4 28. Ra1 Kg7 29. Ra7 Rd7 30. Rxd7
Bxd7 31. Nd6 Nf4 32. Bf1 Kf6 33. Ne4+ Ke7 34. Kh2 Bc6 35. Nd2
Ne6 36. Kg3 g5 37. h4 h6 38. hxg5 hxg5 39. c3 Nf4 40. Nc4 Bb5
41. Ne3 Bxf1 42. Nxf1 Ne2+ 43. Kf3 Nxc3 44. Ke3 Kd6 45. Kd4
Nb5+ 46. Ke4 Ke6 47. Ne3 f6 48. Nf5 Nd6+ 49. Kd4 0-1

[Event "Mindsports"]
[Site "Beijing CHN"]
[Date "2008.10.05"]
[EventDate "2008.10.05"]
[Round "2"]
[Result "0-1"]
[White "Mark Paragua"]
[Black "Bu Xiangzhi"]
[WhiteElo "2526"]
[BlackElo "2714"]
[PlyCount "98"]

1. e4 c5 2. Nf3 d6 3. d4 cxd4 4. Nxd4 Nf6 5. Nc3 a6 6. Be2 e5
7. Nb3 Be7 8. O-O O-O 9. Be3 Be6 10. Nd5 Nbd7 11. Qd3 Bxd5
12. exd5 Nc5 13. Nxc5 dxc5 14. c4 e4 15. Qc3 Qc7 16. a3 Bd6
17. h3 Nd7 18. f4 exf3 19. Bxf3 Rae8 20. Rae1 Qd8 21. b4 b6
22. Bd1 Re5 23. Ba4 Nf6 24. Bc2 Rfe8 25. Bf2 Qc7 26. Rxe5 Bxe5
27. Qb3 Bd6 28. Bh4 Qe7 29. Re1 Qd7 30. Rf1 Ne4 31. Qf3 f5
32. Qxf5 Qxf5 33. Rxf5 cxb4 34. axb4 Bxb4 35. Rf4 Bc5+ 36. Kh1
Nd6 37. Ba4 Re5 38. Bd7 g5 39. Rg4 h6 40. Bg3 Re2 41. h4 Ne4
42. Be6+ Kf8 43. hxg5 Nxg3+ 44. Rxg3 Re1+ 45. Kh2 Bd6 46. Kh3
Bxg3 47. Kxg3 hxg5 48. Kg4 Ke7 49. Kxg5 a5 0-1

[Event "Mindsports"]
[Site "Beijing CHN"]
[Date "2008.10.06"]
[EventDate "2008.10.05"]
[Round "7"]
[Result "1-0"]
[White "Bu Xiangzhi"]
[Black "Ehsan Ghaem Maghami"]
[WhiteElo "2714"]
[BlackElo "2599"]
[PlyCount "68"]

1. c4 Nf6 2. Nc3 e5 3. Nf3 Nc6 4. e4 Bb4 5. d3 d6 6. g3 Bg4
7. h3 Bxf3 8. Qxf3 Nd4 9. Qd1 c6 10. Bg2 a6 11. O-O b5 12. Be3
Bc5 13. b4 Bb6 14. a4 O-O 15. axb5 cxb5 16. Ne2 Ne6 17. d4
exd4 18. Nxd4 Nxd4 19. Bxd4 bxc4 20. Bxb6 Qxb6 21. e5 dxe5
22. Bxa8 Rxa8 23. Qe2 Qe6 24. Kh2 Rb8 25. Ra5 e4 26. Rfa1 Rxb4
27. Rxa6 Qc8 28. Ra8 Rb8 29. Rxb8 Qxb8 30. Qxc4 h5 31. Rc1 Qe5
32. Qc5 Qb2 33. Rc2 Qb7 34. Qf5 Qe7 1-0

[Event "Mindsports"]
[Site "Beijing CHN"]
[Date "2008.10.07"]
[EventDate "2008.10.05"]
[Round "8"]
[Result "0-1"]
[White "Chanda Sandipan"]
[Black "Bu Xiangzhi"]
[WhiteElo "2579"]
[BlackElo "2714"]
[PlyCount "96"]

1. e4 e5 2. Nf3 d6 3. d4 exd4 4. Qxd4 Nc6 5. Bb5 Bd7 6. Bxc6
Bxc6 7. Nc3 Nf6 8. Bg5 Be7 9. O-O-O O-O 10. Rhe1 Re8 11. Qd2
Qd7 12. Nd4 h6 13. Bf4 Ng4 14. Nf5 Bf8 15. f3 Ne5 16. Qf2 b5
17. g4 b4 18. Ne2 a5 19. g5 hxg5 20. Bxg5 Nxf3 21. Bf6 Bxe4
22. Nxg7 Bxg7 23. Qg3 Bg6 24. Qxf3 Bxf6 25. Qxf6 Re6 26. Qf2
Rae8 27. Nf4 Rxe1 28. Rxe1 Rxe1+ 29. Qxe1 Qf5 30. Nxg6 fxg6
31. Qe8+ Kg7 32. Qe7+ Qf7 33. Qd8 d5 34. b3 Qf1+ 35. Kd2 Qf4+
36. Kd3 Qe5 37. Qd7+ Kh6 38. Qc6 Qxh2 39. Kd4 Qd2+ 40. Ke5
Qc3+ 41. Qxc3 bxc3 42. a4 g5 43. b4 axb4 44. a5 b3 45. a6 bxc2
46. a7 c1=Q 47. a8=Q Qf4+ 48. Ke6 Kg7 0-1

[Event "Mindsports"]
[Site "Beijing CHN"]
[Date "2008.10.07"]
[EventDate "2008.10.05"]
[Round "1.3"]
[Result "1-0"]
[White "Bu Xiangzhi"]
[Black "Zhong Zhang"]
[WhiteElo "2714"]
[BlackElo "2649"]
[PlyCount "57"]

1. d4 f5 2. Bg5 g6 3. Nc3 Bg7 4. e4 fxe4 5. Nxe4 d5 6. Nc3 Nh6
7. Nf3 Nf7 8. Bh4 c5 9. Bb5+ Nc6 10. O-O O-O 11. dxc5 d4
12. Ne4 Bf5 13. Re1 Re8 14. Bc4 h6 15. Ng3 Qa5 16. Nxf5 gxf5
17. Nd2 Qxc5 18. Qh5 Ncd8 19. Bb3 Rc8 20. Re2 f4 21. Qxc5 Rxc5
22. Bxe7 Rc7 23. Rae1 Nc6 24. Bd6 Rxe2 25. Rxe2 Rd7 26. Bxf4
d3 27. cxd3 Rxd3 28. Re8+ Bf8 29. Bxh6 1-0

[Event "Mindsports"]
[Site "Beijing CHN"]
[Date "2008.10.08"]
[EventDate "2008.10.05"]
[Round "2.1"]
[Result "1-0"]
[White "Bu Xiangzhi"]
[Black "Anton Korobov"]
[WhiteElo "2714"]
[BlackElo "2605"]
[PlyCount "55"]

1. Nf3 d5 2. d4 e6 3. c4 Nf6 4. Bg5 Be7 5. Nc3 O-O 6. Qc2 h6
7. Bxf6 Bxf6 8. O-O-O c5 9. dxc5 d4 10. Nxd4 Bxd4 11. Qe4 Nc6
12. e3 f5 13. Qf3 e5 14. exd4 Qg5+ 15. Kb1 exd4 16. Nb5 Kh8
17. Bd3 f4 18. Nd6 Be6 19. Qe4 Bg8 20. Nxb7 Nb4 21. Ka1 Rab8
22. h4 Qh5 23. c6 Rfe8 24. Qg6 Qe5 25. Nd6 Nxd3 26. Nxe8 Nb4
27. Rhe1 Nc2+ 28. Qxc2 1-0

[Event "Mindsports"]
[Site "Beijing CHN"]
[Date "2008.10.13"]
[EventDate "2008.10.13"]
[Round "2"]
[Result "0-1"]
[White "Hannes Hlifar Stefansson"]
[Black "Bu Xiangzhi"]
[WhiteElo "2575"]
[BlackElo "2714"]
[PlyCount "54"]

1. d4 d5 2. c4 c6 3. Nc3 Nf6 4. e3 g6 5. Nf3 Bg7 6. Bd3 O-O
7. O-O Bg4 8. h3 Bxf3 9. Qxf3 e6 10. Qd1 Nbd7 11. Bd2 Re8
12. Rc1 Qe7 13. Re1 Nb6 14. cxd5 exd5 15. Qb3 Rad8 16. a4 Nc8
17. a5 Nd6 18. Na4 Nfe4 19. Bb4 Qh4 20. Rc2 Nf5 21. Bxe4 Rxe4
22. Nc5 Re7 23. a6 Rde8 24. Nd3 Rc7 25. axb7 Rxb7 26. Qa3 Qe4
27. Bd6 Nxd6 0-1

[Event "Mindsports"]
[Site "Beijing CHN"]
[Date "2008.10.13"]
[EventDate "2008.10.13"]
[Round "10"]
[Result "1/2-1/2"]
[White "Zoltan Almasi"]
[Black "Bu Xiangzhi"]
[WhiteElo "2663"]
[BlackElo "2714"]
[PlyCount "118"]

1. e4 c5 2. Nf3 d6 3. d4 cxd4 4. Nxd4 Nf6 5. Nc3 a6 6. Be3 e5
7. Nf3 Be7 8. Bc4 O-O 9. O-O Nc6 10. Qe2 Na5 11. Bd5 Be6
12. Rad1 Qc7 13. Bxe6 fxe6 14. Ng5 Qc8 15. Na4 Qc4 16. Qxc4
Nxc4 17. Bc1 Rfc8 18. Nxe6 Nxe4 19. Rfe1 Nf6 20. f4 h6
21. fxe5 dxe5 22. b3 b5 23. bxc4 bxa4 24. Rxe5 Rxc4 25. Re2
Rac8 26. Nf4 Rxc2 27. Rxe7 Rxc1 28. Rxc1 Rxc1+ 29. Kf2 Rc2+
30. Re2 Rc4 31. Ne6 Kf7 32. Nd8+ Kg6 33. Ne6 Ng4+ 34. Kg3 Nf6
35. h3 Ne4+ 36. Kf3 Nd6 37. Nf4+ Kf7 38. Rd2 Rc3+ 39. Ke2 Nb5
40. Rd7+ Ke8 41. Rxg7 Rc2+ 42. Kd3 Rxa2 43. Rg6 a3 44. Rxa6
Rb2 45. Ne2 a2 46. Nc1 Rxg2 47. Rxa2 Rg3+ 48. Kc4 Nd6+ 49. Kd5
Nb5 50. Kc5 Nc3 51. Ra8+ Kf7 52. Kc4 Nd1 53. Nd3 Ne3+ 54. Kd4
Nf5+ 55. Ke4 Nd6+ 56. Kd4 Rxh3 57. Ra7+ Ke6 58. Nf4+ Kf5
59. Nxh3 Nb5+ 1/2-1/2

[Event "Mindsports"]
[Site "Beijing CHN"]
[Date "2008.10.13"]
[EventDate "2008.10.13"]
[Round "11"]
[Result "1-0"]
[White "Bu Xiangzhi"]
[Black "Markus Ragger"]
[WhiteElo "2714"]
[BlackElo "2518"]
[PlyCount "77"]

1. Nf3 Nf6 2. c4 c6 3. d4 d5 4. e3 Bf5 5. Nc3 e6 6. Nh4 Bg6
7. Be2 Nbd7 8. O-O Bd6 9. g3 O-O 10. Nxg6 hxg6 11. b3 Qe7
12. Bf3 Rfd8 13. Bg2 b6 14. Bb2 Rac8 15. Qe2 e5 16. dxe5 Bxe5
17. cxd5 cxd5 18. Nxd5 Nxd5 19. Bxd5 Nc5 20. Rad1 Bxb2
21. Qxb2 Ne4 22. Rd3 Ng5 23. Rfd1 Rxd5 24. Rxd5 Nf3+ 25. Kf1
Qe4 26. Rd8+ Rxd8 27. Rxd8+ Kh7 28. Ke2 Ng1+ 29. Kd1 Qf3+
30. Kc1 Ne2+ 31. Kb1 Qxf2 32. Qd2 Qf1+ 33. Kc2 Ng1 34. Rd3 Qa1
35. Rd4 Nf3 36. Qd1 Ne1+ 37. Kd2 Qxa2+ 38. Kxe1 Qxh2 39. Rh4+
1-0

[Event "Mindsports"]
[Site "Beijing CHN"]
[Date "2008.10.15"]
[EventDate "2008.10.14"]
[Round "3"]
[Result "1-0"]
[White "Bu Xiangzhi"]
[Black "Alexander Anatolyevich Shabalov"]
[WhiteElo "2714"]
[BlackElo "2585"]
[PlyCount "76"]

1. d4 d5 2. c4 c6 3. Nf3 Nf6 4. Qc2 g6 5. Bf4 dxc4 6. Qxc4 Bg7
7. Nc3 O-O 8. e4 b5 9. Qb3 a5 10. e5 a4 11. Qc2 Bf5 12. Qd2
Ne4 13. Nxe4 Bxe4 14. Be2 a3 15. b3 c5 16. dxc5 Qxd2+ 17. Kxd2
Na6 18. Ke3 Bb7 19. Bxb5 Nxc5 20. Rac1 Ne6 21. Bc6 Nxf4
22. Bxb7 Rab8 23. Kxf4 Bh6+ 24. Ng5 Rxb7 25. Kg4 f6 26. Ne6
Bxc1 27. Nxf8 Bb2 28. Ne6 Bxe5 29. f4 Bd6 30. Kf3 Rb8 31. Rc1
Kf7 32. Nd4 h5 33. Rc4 f5 34. h3 Kf6 35. Nc2 h4 36. Ke2 Bc5
37. Rxc5 e6 38. Nd4 Rb6 1-0

[Event "Mindsports"]
[Site "Beijing CHN"]
[Date "2008.10.15"]
[EventDate "2008.10.14"]
[Round "5"]
[Result "1-0"]
[White "Bu Xiangzhi"]
[Black "Mikhail Gurevich"]
[WhiteElo "2714"]
[BlackElo "2634"]
[PlyCount "103"]

1. d4 d5 2. c4 c6 3. Nf3 Nf6 4. Nc3 e6 5. Bg5 Be7 6. e3 Nbd7
7. cxd5 Nxd5 8. Bxe7 Qxe7 9. Qc2 N5f6 10. Bd3 e5 11. O-O O-O
12. Rfe1 exd4 13. exd4 Qd6 14. Rad1 Rd8 15. Ng5 Nf8 16. Bc4
Nd5 17. Re5 Qc7 18. Qb3 h6 19. Bxd5 hxg5 20. Bc4 b5 21. Bf1
Ne6 22. Qc2 Bb7 23. Qe4 b4 24. Na4 c5 25. d5 Rd6 26. Bc4 Rad8
27. Re1 Nf8 28. Rxg5 Re6 29. Re5 Rxe5 30. Qxe5 Qxe5 31. Rxe5
Ng6 32. Rg5 Nf4 33. Nxc5 Bxd5 34. Bxd5 Nxd5 35. g3 Nf6 36. Nb3
Rd1+ 37. Kg2 Rb1 38. Ra5 Rxb2 39. Kf3 Rc2 40. Rxa7 g5 41. Nd4
Rc3+ 42. Ke2 Kg7 43. h3 Rc4 44. Nf5+ Kg6 45. Ne3 Rd4 46. Ra6
Re4 47. Kd3 Re6 48. Rxe6 fxe6 49. Nc2 Nd5 50. Kc4 Nc3 51. Nxb4
Ne4 52. Nd3 1-0

[Event "Mindsports"]
[Site "Beijing CHN"]
[Date "2008.10.16"]
[EventDate "2008.10.14"]
[Round "9"]
[Result "1-0"]
[White "Bu Xiangzhi"]
[Black "Anton Korobov"]
[WhiteElo "2714"]
[BlackElo "2605"]
[PlyCount "87"]

1. d4 d5 2. c4 e6 3. Nf3 Nf6 4. Bg5 c6 5. Nbd2 Nbd7 6. e3 Be7
7. Bd3 O-O 8. O-O b6 9. Qc2 Bb7 10. Rfd1 h6 11. Bh4 c5 12. Bf1
Rc8 13. dxc5 Nxc5 14. Rac1 Nfe4 15. Bxe7 Qxe7 16. cxd5 exd5
17. Qb1 Rfe8 18. Nxe4 dxe4 19. Nd4 Qg5 20. Nb5 Nd3 21. Rxc8
Rxc8 22. Nd6 Rc7 23. Nxb7 Rxb7 24. Bxd3 exd3 25. Qxd3 Rc7
26. h3 Qe5 27. f4 Qc5 28. Qe4 Qf8 29. Rd5 Re7 30. Qd4 Re8
31. Rd7 Qc5 32. Qxc5 bxc5 33. Kf2 Rb8 34. Rd2 Kf8 35. Ke2 Ke7
36. b3 Ke6 37. Rc2 Kd5 38. Rc4 f5 39. Ra4 Rb7 40. Ra6 h5
41. g3 Rd7 42. Kd3 Rc7 43. g4 hxg4 44. hxg4 1-0